Systeme de philosophie juridique synthetique
Αποθηκεύτηκε σε:
| Κύριος συγγραφέας: | |
|---|---|
| Μορφή: | Βιβλίο |
| Γλώσσα: | Γαλλικά |
| Έκδοση: |
París
R. Pichon et R. Durand-Auzias
1970
|
| Θέματα: | |
| Ετικέτες: |
Προσθήκη ετικέτας
Δεν υπάρχουν, Καταχωρήστε ετικέτα πρώτοι!
|
MARC
| LEADER | 00000nam a2200000 a 4500 | ||
|---|---|---|---|
| 001 | UCV2794 | ||
| 003 | CL-VaPUC | ||
| 008 | 921110e19700000FR |||||||||||||||||fre|d | ||
| 082 | 0 | 4 | |a 340.1 |b GIV |2 21 |
| 100 | 0 | |a Givanovitch, Thomas |e author |9 297062 | |
| 245 | 1 | 0 | |a Systeme de philosophie juridique synthetique |
| 300 | |a 516 p | ||
| 942 | |c BK | ||
| 945 | |d 19921110 00:00:00 | ||
| 260 | |a París |b R. Pichon et R. Durand-Auzias |c 1970 | ||
| 500 | |a v.1: Science de la Philosophie du droit | ||
| 500 | |a v.2: Philosophic Synthétique du droit et des sciences juridiques | ||
| 650 | 0 | |a Filosofía del derecho |9 255050 | |
| 583 | |a last modification |c 19921110 00:00:00 |k Rodrigo Vera | ||
| 999 | |c 210282 |d 210280 | ||
| 952 | |0 0 |1 0 |4 0 |6 340_100000000000000_GIV_1970 |7 0 |8 DER_TF |9 186395 |a BIBDER |b BIBDER |d 2019-11-14 |i 2538709 |o 340.1 GIV 1970 |p 2538709 |r 2023-01-25 |w 2019-11-14 |x Ubicación 4to Piso |y BK |z Estos recursos deben solicitarse con anticipación |k DER | ||
| 952 | |0 0 |1 0 |4 0 |6 340_100000000000000_GIV_1970 |7 0 |8 A |9 186396 |a BIBDER |b BIBDER |d 2019-11-14 |i 1887122 |o 340.1 GIV 1970 |p 1887122 |r 2023-01-25 |w 2019-11-14 |y BK |k DER | ||